[Event "ch-FRA Blitz Online Qual"]
[Site "Europe-Chess INT"]
[Date "2020.05.16"]
[Round "1"]
[White "Lebrun, Leo"]
[Black "Van Hoolandt, Patrick"]
[Result "0-1"]
[BlackTitle "FM"]
[WhiteElo "1441"]
[BlackElo "2063"]
[WhiteFideId "26097435"]
[BlackFideId "200999"]
[EventDate "2020.05.16"]

1. Nf3 d5 2. g3 Bg4 3. Bg2 Nd7 4. d3 c6 5. Nc3 e6 6. O-O Bd6 7. Re1 Ne7 8. e4
Qc7 9. exd5 exd5 10. Bg5 f6 11. Be3 O-O 12. Ne2 Nf5 13. Bf4 Ne5 14. Nxe5 fxe5
15. Bd2 Nd4 16. h3 Bxe2 17. Rxe2 Nxe2+ 18. Qxe2 Rae8 19. Re1 Bc5 20. Be3 Bb6 21.
Qg4 Qc8 22. Qxc8 Rxc8 23. Bxb6 axb6 24. Rxe5 Rce8 25. f4 Rxe5 26. fxe5 Kf7 27.
Kf2 Ke6+ 28. Ke3 Kxe5 29. d4+ Ke6 30. h4 h6 31. c3 c5 32. a3 Re8 33. Kd3 Kd6 34.
b4 Re1 35. bxc5+ bxc5 36. dxc5+ Kxc5 37. Bh3 Rg1 38. Be6 Rxg3+ 39. Kd2 g5 40.
hxg5 hxg5 41. Bc8 b6 42. a4 Rg2+ 43. Kd3 Ra2 44. Bd7 Ra3 45. Be8 g4 46. Bd7 g3
47. Bh3 d4 48. Kd2 Rxc3 49. Ke2 Rc2+ 50. Kf3 g2 51. Bxg2 Rxg2 52. Kxg2 Kb4 53.
Kf2 Kc3 54. Ke2 Kc2 55. Ke1 d3 56. a5 bxa5 57. Kf2 d2 58. Ke2 d1=Q+ 59. Ke3 Qd5
60. Kf2 Kd2 61. Kf1 Qf3+ 62. Kg1 a4 63. Kh2 a3 64. Kg1 a2 65. Kh2 Qh5+ 66. Kg2
a1=Q 67. Kg3 Qae5+ 68. Kf2 Qf7+ 69. Kg2 Qeg7+ 70. Kh1 Qh5# 0-1

[Event "ch-FRA Blitz Online Qual"]
[Site "Europe-Chess INT"]
[Date "2020.05.16"]
[Round "1"]
[White "Hamon, Christian"]
[Black "Tempier, Martin"]
[Result "1-0"]
[WhiteElo "2015"]
[BlackElo "1357"]
[WhiteFideId "614327"]
[BlackFideId "36009300"]
[EventDate "2020.05.16"]

1. Nf3 d5 2. g3 Nf6 3. Bg2 c6 4. O-O Bg4 5. d4 e6 6. Re1 Nbd7 7. b3 Be7 8. Bb2
O-O 9. Nbd2 c5 10. c4 Qb6 11. Ne5 Nxe5 12. dxe5 Nd7 13. cxd5 exd5 14. Bxd5 Rfd8
15. Nc4 Qg6 16. Qc1 Bg5 17. f4 Be7 18. e4 Nb6 19. Nxb6 Qxb6 20. Qc4 Be6 21. f5
Bxd5 22. exd5 Bg5 23. Rad1 Re8 24. e6 Rad8 25. h4 Bf6 26. Bxf6 gxf6 27. Kg2 Qc7
28. Qf4 a6 29. Qxc7 1-0

[Event "ch-FRA Blitz Online Qual"]
[Site "Europe-Chess INT"]
[Date "2020.05.16"]
[Round "1"]
[White "Chevillon, Manon"]
[Black "Maugenest, Ghislain"]
[Result "0-1"]
[WhiteElo "1356"]
[BlackElo "2013"]
[WhiteFideId "45135690"]
[BlackFideId "36029483"]
[EventDate "2020.05.16"]

1. e4 e5 2. Nf3 Nc6 3. Bc4 Bc5 4. Nc3 Nf6 5. d3 O-O 6. Be3 d6 7. Qd2 a6 8. Bxc5
dxc5 9. O-O Bg4 10. Kh1 Bxf3 11. gxf3 Nh5 12. Rg1 Nf4 13. Ne2 Qh4 14. Nxf4 exf4
15. Rg4 Qh6 16. Rag1 g6 17. Qxf4 Qxf4 18. Rxf4 Kg7 19. Rfg4 Ne5 20. R4g3 Nxc4
21. dxc4 Rad8 22. Rc1 Rd2 23. Rg2 Rfd8 24. h3 Re2 25. Kg1 Rdd2 26. Kf1 Rxc2 27.
Rxc2 Rxc2 28. f4 Rxc4 29. f3 Rc1+ 30. Kf2 Rc2+ 31. Kg3 Rxg2+ 32. Kxg2 c4 33. Kf2
b5 34. Ke2 b4 35. Kd2 a5 36. Kc2 Kh6 37. Kd2 Kh5 38. Ke3 c5 39. e5 Kh4 40. Ke4
Kxh3 41. Kd5 c3 42. bxc3 bxc3 43. Kxc5 c2 44. Kb5 c1=Q 45. Ka4 Qc3 46. a3 Qxf3
47. f5 Qxf5 48. e6 fxe6 49. Kb3 Qe4 50. Kc3 a4 51. Kb2 Qd3 52. Ka2 Qd2+ 53. Ka1
g5 54. Kb1 g4 55. Ka1 g3 56. Kb1 g2 57. Ka1 g1=Q# 0-1

[Event "ch-FRA Blitz Online Qual"]
[Site "Europe-Chess INT"]
[Date "2020.05.16"]
[Round "1"]
[White "Bregnac, Tristan"]
[Black "Payet, Thomas"]
[Result "1-0"]
[WhiteElo "2047"]
[BlackElo "1356"]
[WhiteFideId "36017825"]
[BlackFideId "45151300"]
[EventDate "2020.05.16"]

1. e4 c5 2. Nf3 Nc6 3. d4 cxd4 4. Nxd4 e5 5. Nb5 a6 6. Nd6+ Bxd6 7. Qxd6 Qe7 8.
Qd1 d6 9. Nc3 Nf6 10. Bg5 h6 11. Nd5 Qd8 12. Bxf6 gxf6 13. Bd3 Qa5+ 14. c3 Be6
15. Nxf6+ Ke7 16. Nh5 Rhg8 17. Ng3 b5 18. O-O h5 19. Qxh5 Rh8 20. Qg5+ Kd7 21.
Rad1 Rhg8 22. Qe3 Bxa2 23. f4 f6 24. fxe5 Nxe5 25. Rxf6 Raf8 26. Rxf8 Rxf8 27.
Nf5 Be6 28. Qa7+ Qc7 29. Qxa6 Bxf5 30. Bxb5+ Ke7 31. exf5 Qc5+ 32. Kh1 Rxf5 33.
Qb7+ Ke6 34. Ba4 Rg5 35. Bb3+ Kf6 36. Rf1+ Rf5 37. Rxf5+ Kxf5 38. Qh7+ Kf6 39.
Qh6+ Kf5 40. Bc2+ Kg4 41. Qe6+ Kg5 42. Qg8+ Kf6 43. Qh8+ Ke7 44. h3 Qd5 45. Qg7+
Nf7 46. Qg6 Kd8 47. Qf6+ Kc7 48. Qe7+ Kc6 49. Be4 Qxe4 50. Qxe4+ d5 51. Qe6+ Kc5
52. Qxf7 Kc4 53. h4 Kc5 54. h5 Kc4 55. h6 Kc5 56. h7 Kc4 57. h8=Q Kc5 58. Qd4+
Kc6 59. Qfxd5+ Kc7 60. Qa7+ Kc8 61. Qdd7# 1-0

[Event "ch-FRA Blitz Online Qual"]
[Site "Europe-Chess INT"]
[Date "2020.05.16"]
[Round "1"]
[White "Thobie, Pascal"]
[Black "Berger Dit Lacroix, Kilian"]
[Result "0-1"]
[WhiteElo "1216"]
[BlackElo "2129"]
[WhiteFideId "651001187"]
[BlackFideId "36091855"]
[EventDate "2020.05.16"]

1. Nf3 g6 2. d4 Nf6 3. e3 Bg7 4. Be2 O-O 5. O-O b6 6. c4 Bb7 7. Nc3 d6 8. a3
Nbd7 9. b3 c5 10. d5 a6 11. Bb2 Qc7 12. Qc2 e6 13. dxe6 fxe6 14. h3 d5 15. cxd5
exd5 16. Na2 Rae8 17. Rfd1 Ne4 18. Bxg7 Kxg7 19. Nc3 Ndf6 20. Nxe4 Nxe4 21. Nd2
Qf7 22. Bf3 Qf6 23. Rab1 Nc3 24. Rbc1 Nxd1 25. Rxd1 Re7 26. a4 d4 27. Rf1 Bxf3
28. Nxf3 dxe3 29. fxe3 Rxe3 30. Qc4 a5 31. Rd1 Rf7 32. Qd5 Re2 33. Kf1 Qb2 34.
Rd2 Rxd2 35. Qxd2 Qxd2 0-1

[Event "ch-FRA Blitz Online Qual"]
[Site "Europe-Chess INT"]
[Date "2020.05.16"]
[Round "1"]
[White "Bailly, Thierry"]
[Black "Moeller, Joshua"]
[Result "1-0"]
[WhiteElo "1989"]
[BlackElo "1469"]
[WhiteFideId "26051680"]
[BlackFideId "45167834"]
[EventDate "2020.05.16"]

1. e4 e6 2. d4 d5 3. exd5 exd5 4. Nf3 Bd6 5. Bd3 Nc6 6. O-O Bg4 7. c3 Nge7 8. h3
Bf5 9. Re1 O-O 10. Bg5 f6 11. Bh4 Bxd3 12. Qxd3 Ng6 13. Bg3 Bxg3 14. fxg3 Qd6
15. Kh2 Rfe8 16. Nbd2 Re7 17. Rxe7 Ncxe7 18. Re1 Re8 19. Qb5 Qb6 20. Qxe8+ 1-0

[Event "ch-FRA Blitz Online Qual"]
[Site "Europe-Chess INT"]
[Date "2020.05.16"]
[Round "1"]
[White "Pineau, Patrick"]
[Black "Suez-Panama, Gilles"]
[Result "0-1"]
[WhiteElo "1349"]
[BlackElo "1943"]
[WhiteFideId "20673329"]
[BlackFideId "620165"]
[EventDate "2020.05.16"]

1. d4 Nf6 2. c4 g6 3. Nc3 Bg7 4. Nf3 d6 5. e3 O-O 6. Bd3 c6 7. e4 Bg4 8. Be2
Nbd7 9. O-O e5 10. Bg5 Qc7 11. d5 Nc5 12. b4 Ncxe4 13. Nxe4 Nxe4 14. Be3 Nc3 15.
Qc2 Nxe2+ 16. Qxe2 e4 17. h3 exf3 18. gxf3 Bxh3 19. Rfe1 Bxa1 20. Rxa1 Rfe8 21.
Qd3 cxd5 22. cxd5 Qe7 23. Rc1 Qf6 24. Rc7 Qxf3 0-1

[Event "ch-FRA Blitz Online Qual"]
[Site "Europe-Chess INT"]
[Date "2020.05.16"]
[Round "1"]
[White "Kantzer, Romain"]
[Black "Bosc, Frederic"]
[Result "1-0"]
[WhiteElo "1930"]
[BlackElo "1365"]
[WhiteFideId "26024640"]
[BlackFideId "36030970"]
[EventDate "2020.05.16"]

1. d4 Nf6 2. Bf4 d5 3. e3 e6 4. Nd2 c5 5. c3 cxd4 6. exd4 Bd6 7. Bg3 Bxg3 8.
hxg3 h6 9. Ngf3 Nc6 10. Bd3 Bd7 11. Qe2 Qe7 12. Nb3 b6 13. Nbd2 a5 14. Ne5 Nxe5
15. dxe5 Nh7 16. f4 Bc6 17. Bb5 Qd7 18. Bxc6 Qxc6 19. Nb3 Nf8 20. Nd4 Qc4 21.
Qxc4 dxc4 22. Nb5 Kd7 23. O-O-O+ Kc6 24. a4 Ng6 25. Rd6+ Kc5 26. Rhd1 Ne7 27.
Rd7 Nd5 28. R1xd5+ exd5 29. Rc7# 1-0

[Event "ch-FRA Blitz Online Qual"]
[Site "Europe-Chess INT"]
[Date "2020.05.16"]
[Round "1"]
[White "Falip Morales, Tom"]
[Black "Thomas, Anysia"]
[Result "1-0"]
[BlackTitle "WFM"]
[WhiteElo "1344"]
[BlackElo "2160"]
[WhiteFideId "45181764"]
[BlackFideId "670472"]
[EventDate "2020.05.16"]

1. e4 c5 2. Nf3 g6 3. d4 cxd4 4. Qxd4 Nf6 5. e5 Nc6 6. Qd1 Nxe5 7. Nxe5 Qa5+ 8.
Nc3 Qxe5+ 9. Be3 Bg7 10. Bc4 O-O 11. Qd2 Ng4 12. O-O-O Nxe3 13. fxe3 d6 14. h4
Bg4 15. Rdf1 Rac8 16. Bb3 b5 17. Kb1 a5 18. Qd5 a4 19. Qxe5 Bxe5 20. Bd5 Bxc3
21. bxc3 Rxc3 22. Rf4 Be6 23. e4 Bxd5 24. exd5 Rfc8 25. Rf2 R8c5 26. Rhf1 f5 27.
Rd2 Kf7 28. Re1 Rc7 29. Rf2 b4 30. g4 b3 31. cxb3 axb3 32. gxf5 bxa2+ 33. Kxa2
Rc2+ 34. Rxc2 Rxc2+ 35. Kb3 Rd2 36. fxg6+ hxg6 37. Kc4 Rc2+ 38. Kd3 Rh2 39. Re4
Kf6 40. Ke3 Ra2 41. Re6+ Kf7 42. Re4 Ra5 43. Rf4+ Kg7 44. Rd4 Kf6 45. Rf4+ Ke5
46. Re4+ Kxd5 47. Rxe7 Ra4 48. Rg7 Rg4 49. Kf3 Rg1 50. h5 g5 51. h6 Ke6 52. h7
Rh1 53. Rg6+ Kf7 54. Rxg5 Rxh7 55. Rd5 Ke7 56. Ra5 Ke6 57. Ra4 Rf7+ 58. Ke3 Ke5
59. Re4+ Kd5 60. Rd4+ Kc6 61. Rc4+ Kb5 62. Rh4 Kc5 63. Rh5+ d5 64. Rh8 Re7+ 65.
Kd3 Rc7 66. Ra8 Kd6 67. Ra6+ Ke5 68. Rh6 Ra7 69. Rh5+ Kd6 70. Rh6+ Kc5 71. Rh5
Ra3+ 72. Kc2 Kc4 73. Rh4+ d4 74. Rh8 Ra2+ 75. Kb1 Rg2 76. Rc8+ Kb3 77. Rb8+ Kc3
78. Rc8+ Kd2 79. Rc2+ Ke1 80. Rxg2 d3 81. Kc1 d2+ 82. Rxd2 1-0

[Event "ch-FRA Blitz Online Qual"]
[Site "Europe-Chess INT"]
[Date "2020.05.16"]
[Round "1"]
[White "Ferey, Antonin"]
[Black "Gombrowicz, Renaud"]
[Result "1-0"]
[WhiteElo "2138"]
[BlackElo "1343"]
[WhiteFideId "36051454"]
[BlackFideId "651019760"]
[EventDate "2020.05.16"]

1. d4 Nf6 2. Nf3 g6 3. c4 Bg7 4. Nc3 d6 5. e4 O-O 6. Be2 Na6 7. O-O c5 8. d5 Nc7
9. Ne1 e6 10. Bg5 Qd7 11. Nd3 exd5 12. cxd5 h6 13. Be3 a6 14. a4 Ng4 15. Bxg4
Qxg4 16. Qxg4 Bxg4 17. Bf4 Rad8 18. f3 Bc8 19. Rac1 Ne8 20. Rfe1 f5 21. e5 dxe5
22. Bxe5 Bxe5 23. Nxe5 Nf6 24. Nxg6 Rf7 25. Nf4 b6 26. Re5 Bb7 27. Rce1 1-0

[Event "ch-FRA Blitz Online Qual"]
[Site "Europe-Chess INT"]
[Date "2020.05.16"]
[Round "1"]
[White "Fardet, Elouan"]
[Black "Lovichi, Raphael"]
[Result "1-0"]
[WhiteElo "2163"]
[BlackElo "1406"]
[WhiteFideId "45163596"]
[BlackFideId "45172935"]
[EventDate "2020.05.16"]

1. e4 c5 2. Nf3 e6 3. d4 cxd4 4. Nxd4 Nf6 5. Nc3 Nc6 6. Ndb5 Bb4 7. a3 Bxc3+ 8.
Nxc3 O-O 9. Qd6 Qe7 10. Qxe7 Nxe7 11. Bf4 d5 12. exd5 Nexd5 13. Nxd5 Nxd5 14.
Be5 Bd7 15. c4 Ne7 16. O-O-O Nc6 17. Rxd7 Nxe5 18. Rxb7 Rfb8 19. Rxb8+ Rxb8 20.
Be2 Rc8 21. b3 Rb8 22. Kc2 Nc6 23. Rd1 Rd8 24. Rxd8+ Nxd8 25. Bf3 Kf8 26. b4 Ke7
27. a4 Kd6 28. Kd3 e5 29. c5+ Kc7 30. b5 f5 31. Bd5 h6 32. a5 Kc8 33. b6 axb6
34. cxb6 Nb7 35. Bxb7+ Kxb7 36. Kc4 Kc6 37. f3 g5 38. g3 h5 39. h3 h4 40. g4
fxg4 41. fxg4 1-0

[Event "ch-FRA Blitz Online Qual"]
[Site "Europe-Chess INT"]
[Date "2020.05.16"]
[Round "1"]
[White "Touat, Kais"]
[Black "Mezouaghi, Miloud"]
[Result "0-1"]
[WhiteElo "1416"]
[BlackElo "1999"]
[WhiteFideId "45136815"]
[BlackFideId "612634"]
[EventDate "2020.05.16"]

1. e4 e6 2. d4 d5 3. Nd2 Nf6 4. e5 Nfd7 5. Bd3 c5 6. c3 Nc6 7. Ne2 Be7 8. O-O a5
9. a4 O-O 10. Nf3 f6 11. exf6 Nxf6 12. Qc2 cxd4 13. Nexd4 Nxd4 14. Nxd4 e5 15.
Nb5 e4 16. Be2 h6 17. Be3 Be6 18. c4 Rc8 19. Rad1 Qe8 20. b3 dxc4 21. Bxc4 Bxc4
22. bxc4 Qf7 23. Rc1 Qe6 24. Rfd1 Rfd8 25. Rxd8+ Rxd8 26. c5 Kh8 27. h3 Nd5 28.
Bd4 Nf4 29. Re1 Qg6 30. Qxe4 Nxh3+ 31. Kh1 Qxe4 32. Rxe4 Rxd4 33. Rxd4 Nxf2+ 34.
Kg1 Bxc5 35. Rc4 Nd3+ 36. Kf1 b6 37. Ke2 Nb2 38. Rc2 Nxa4 39. Rd2 Kh7 40. Rd8
Kg6 41. Rc8 Nb2 42. Rc6+ Kh5 43. Kf3 a4 44. g4+ Kg5 45. Nc3 a3 46. Re6 h5 47.
Re5+ Kf6 48. Rxh5 Bd4 49. Rh1 Bxc3 50. Rb1 b5 51. Ke3 b4 52. Ke4 a2 53. Rf1+ Ke6
54. g5 b3 55. Ke3 Nc4+ 56. Kd3 a1=Q 57. Rxa1 Bxa1 58. Kxc4 b2 59. Kd4 b1=Q+ 60.
Ke3 Qc1+ 61. Kf3 Qxg5 62. Kf2 Bd4+ 63. Ke2 Qe5+ 64. Kd3 Qe3+ 65. Kc4 g6 66. Kb5
g5 67. Kc6 g4 68. Kc7 g3 69. Kc8 g2 70. Kc7 g1=Q 71. Kc8 Qg8+ 72. Kc7 Qc3+ 73.
Kb7 Qg7+ 74. Ka6 Qc6+ 75. Ka5 Qa7+ 76. Kb4 Qcc5+ 77. Kb3 Qc3# 0-1

[Event "ch-FRA Blitz Online Qual"]
[Site "Europe-Chess INT"]
[Date "2020.05.16"]
[Round "1"]
[White "Gautier, Nathan"]
[Black "Meyssirel, Tom"]
[Result "1-0"]
[WhiteElo "2064"]
[BlackElo "1333"]
[WhiteFideId "26093030"]
[BlackFideId "45197245"]
[EventDate "2020.05.16"]

1. e4 e5 2. Nf3 Nc6 3. Bb5 a6 4. Ba4 Nf6 5. O-O b5 6. Bb3 Bc5 7. Re1 O-O 8. c3
d6 9. h3 h6 10. d4 Bb6 11. a4 Bb7 12. Na3 exd4 13. cxd4 b4 14. Nc4 d5 15. Nxb6
cxb6 16. e5 Ne8 17. Qd3 Nc7 18. Bc2 g6 19. Bxh6 Re8 20. Bg5 Qd7 21. Bf6 Ne6 22.
Qe3 Kh7 23. Ng5+ Kg8 24. Nxe6 fxe6 25. Bxg6 Rec8 26. Qh6 1-0

[Event "ch-FRA Blitz Online Qual"]
[Site "Europe-Chess INT"]
[Date "2020.05.16"]
[Round "1"]
[White "Ritzenthaler, Stephane"]
[Black "Langer, Franck"]
[Result "1-0"]
[WhiteElo "1988"]
[BlackElo "1327"]
[WhiteFideId "638080"]
[BlackFideId "45175063"]
[EventDate "2020.05.16"]

1. e4 c5 2. Nc3 e6 3. f4 d5 4. Nf3 dxe4 5. Nxe4 Nc6 6. Bb5 a6 7. Bxc6+ bxc6 8.
d3 Nf6 9. O-O Bd6 10. Be3 O-O 11. Nxc5 Re8 12. d4 Nd5 13. Qd2 Nxe3 14. Qxe3 Bxc5
15. dxc5 Qc7 16. Rad1 f6 17. Rfe1 Rb8 18. b3 a5 19. Rd2 Ba6 20. Red1 e5 21. Rd7
exf4 22. Qxe8+ Rxe8 23. Rxc7 Be2 24. Rdd7 Bxf3 25. Rxg7+ Kh8 26. Rxh7+ Kg8 27.
gxf3 Re2 28. Rhd7 Re8 29. Rxc6 Kf8 30. Rxf6+ Kg8 31. Ra6 Kf8 32. c6 Kg8 33. c7
Rc8 34. Rd8+ Rxd8 35. cxd8=Q+ Kf7 36. Qc7+ Ke8 37. Ra8# 1-0

[Event "ch-FRA Blitz Online Qual"]
[Site "Europe-Chess INT"]
[Date "2020.05.16"]
[Round "1"]
[White "Gouja, Wissem"]
[Black "Perez Marco, Ricardo"]
[Result "0-1"]
[WhiteElo "1346"]
[BlackElo "2064"]
[WhiteFideId "551013800"]
[BlackFideId "2256401"]
[EventDate "2020.05.16"]

1. e4 c5 2. Nf3 e6 3. c3 Nf6 4. e5 Nd5 5. d4 cxd4 6. cxd4 Nc6 7. Nc3 Nxc3 8.
bxc3 d5 9. Be2 Be7 10. O-O Bd7 11. Re1 Na5 12. Rb1 Rc8 13. Qc2 b6 14. Nd2 Qc7
15. Nb3 Ba4 16. Bd2 Nc4 17. Bc1 Na3 18. Bxa3 Bxa3 19. f4 Qxc3 20. Qxc3 Rxc3 21.
g3 O-O 22. Kf2 Rfc8 23. Kg1 Kf8 24. g4 h6 25. f5 Ke7 26. Kg2 Rc2 27. Kf1 Rxa2
28. Ra1 Bxb3 29. Rxa2 Bxa2 30. Ra1 Rc2 31. Bd3 Rd2 32. Be2 Bb4 33. fxe6 fxe6 34.
Rc1 Bc4 35. Bxc4 dxc4 36. Rxc4 a5 37. Rc7+ Kf8 38. Rc8+ Kf7 39. Rc7+ Kg6 40. Rc6
Rxd4 41. Rxe6+ Kg5 42. Rxb6 Rxg4 43. e6 Re4 44. Rb5+ Kf6 45. Kg2 Rxe6 46. Kf3 g5
47. h3 h5 48. Rd5 Re5 49. Rd3 Kf5 50. Rb3 g4+ 51. hxg4+ hxg4+ 52. Kg3 Kg5 53.
Rd3 Rf5 54. Rd4 Bc5 55. Rxg4+ Kf6 56. Ra4 Bb4 57. Ra1 Ke5 58. Kg4 Rf8 59. Rd1
Ke4 60. Rc1 Rg8+ 61. Kh5 Kd3 62. Rc6 Rg1 63. Kh4 Kd4 64. Kh3 Bc5 65. Ra6 Ra1 66.
Kg2 Kd3 67. Kf3 a4 68. Ra5 Bd4 69. Ra8 a3 70. Kg4 a2 71. Kf5 Rf1+ 72. Ke6 a1=Q 0-1

[Event "ch-FRA Blitz Online Qual"]
[Site "Europe-Chess INT"]
[Date "2020.05.16"]
[Round "1"]
[White "Profili, Emilio"]
[Black "Plaidit, Hugo"]
[Result "1-0"]
[WhiteElo "2053"]
[BlackElo "1319"]
[WhiteFideId "45160805"]
[BlackFideId "551003066"]
[EventDate "2020.05.16"]

1. e4 c6 2. d4 d5 3. f3 dxe4 4. fxe4 e5 5. Nf3 exd4 6. Bc4 h6 7. O-O Bc5 8. Ne5
Be6 9. Bxe6 fxe6 10. Qh5+ Ke7 11. Qf7+ Kd6 12. Nc4# 1-0

[Event "ch-FRA Blitz Online Qual"]
[Site "Europe-Chess INT"]
[Date "2020.05.16"]
[Round "1"]
[White "Gimenez, Adrien"]
[Black "Viennois, Romain"]
[Result "1-0"]
[WhiteElo "1591"]
[BlackElo "1981"]
[WhiteFideId "36069094"]
[BlackFideId "634204"]
[EventDate "2020.05.16"]

1. e4 e5 2. Nf3 Nc6 3. Bc4 Nf6 4. d3 Bc5 5. O-O d6 6. c3 a6 7. Bb3 Ba7 8. h3 h6
9. Re1 O-O 10. Nbd2 Re8 11. Nf1 Be6 12. Bc2 Ne7 13. Ng3 Ng6 14. d4 c6 15. Be3
Qc7 16. Qd2 Kh7 17. Rad1 Bb6 18. Nh2 Rad8 19. Qc1 d5 20. dxe5 Bxe3 21. Qxe3 Qxe5
22. Nf3 Qf4 23. Qxf4 Nxf4 24. exd5+ Kg8 25. dxe6 Nxe6 26. Bb3 Nc5 27. Bc2 b5 28.
Nd4 Rxe1+ 29. Rxe1 Rc8 30. Re7 Kf8 31. Ra7 Nd5 32. b4 Ne6 33. Nxe6+ fxe6 34. Ne4
Nf4 35. Kf1 Rd8 36. Rxa6 Nd3 37. Rxc6 Nf4 38. Rd6 Ra8 39. Bb3 Ke7 40. Rb6 Rd8
41. Rxb5 Rd3 42. Rc5 Nd5 43. Bxd5 exd5 44. Ng3 Kd6 45. Ke2 1-0

[Event "ch-FRA Blitz Online Qual"]
[Site "Europe-Chess INT"]
[Date "2020.05.16"]
[Round "1"]
[White "Guigay, Joel"]
[Black "Henry, Tony"]
[Result "0-1"]
[WhiteElo "1315"]
[BlackElo "1979"]
[WhiteFideId "45174016"]
[BlackFideId "622427"]
[EventDate "2020.05.16"]

1. e4 c5 2. Nf3 Nc6 3. d4 cxd4 4. Nxd4 g6 5. Nc3 Bg7 6. Be3 Nf6 7. Bd3 O-O 8.
O-O d5 9. e5 Ng4 10. f4 Nxe3 11. Qe2 Nxf1 12. Rxf1 Nxd4 13. Qd2 e6 14. Qf2 Nc6
15. Ne2 Qb6 16. c3 Qxf2+ 17. Rxf2 f6 18. Ng3 fxe5 19. Bc2 exf4 20. Ne2 e5 21.
Bb3 Be6 22. Bc2 Rae8 23. Nc1 e4 24. Nb3 e3 25. Re2 Bg4 26. Re1 f3 27. gxf3 Bxf3
28. Nd4 Nxd4 29. cxd4 Bxd4 30. Bd3 Be4 31. Be2 Bb6 32. Bb5 Re7 33. Re2 d4 34.
Bc4+ Kg7 35. b3 d3 36. Rxe3 Bxe3# 0-1

[Event "ch-FRA Blitz Online Qual"]
[Site "Europe-Chess INT"]
[Date "2020.05.16"]
[Round "1"]
[White "Le Pen, Steven"]
[Black "Oumer, Walid"]
[Result "0-1"]
[WhiteElo "2141"]
[BlackElo "1365"]
[WhiteFideId "612197"]
[BlackFideId "551016630"]
[EventDate "2020.05.16"]

1. e4 c5 2. Nf3 d6 3. d4 cxd4 4. Nxd4 Nf6 5. Nc3 a6 6. Be3 e5 7. Nb3 Be6 8. f3
Be7 9. Qd2 O-O 10. O-O-O Nbd7 11. g4 h6 12. Kb1 Nb6 13. Na5 d5 14. exd5 Nfxd5
15. Be2 Nxc3+ 16. Qxc3 Nd5 17. Qe1 Qc7 18. Bc1 Nb4 19. Nb3 Qxc2+ 20. Ka1 Rac8
21. Qd2 Bxb3 22. axb3 Qxb3 0-1

[Event "ch-FRA Blitz Online Qual"]
[Site "Europe-Chess INT"]
[Date "2020.05.16"]
[Round "1"]
[White "Vidoni, Salma"]
[Black "Cuttoli, Alexandre"]
[Result "0-1"]
[WhiteElo "1309"]
[BlackElo "2044"]
[WhiteFideId "45107556"]
[BlackFideId "36007293"]
[EventDate "2020.05.16"]

1. d4 Nf6 2. Nf3 g6 3. Bf4 Bg7 4. e3 d6 5. Nbd2 O-O 6. Be2 Nc6 7. c3 Nh5 8. Bg5
h6 9. Bh4 Qe8 10. e4 e5 11. d5 Nf4 12. dxc6 Nxg2+ 13. Kf1 Bh3 14. Kg1 f5 15.
Bc4+ Kh8 16. Qe2 g5 17. Bxg5 hxg5 18. Nxg5 Qg6 19. Ndf3 Nf4 20. Qe3 Bh6 21. Bf1
Bxg5 22. Bxh3 Nxh3+ 23. Kf1 Bxe3 24. fxe3 fxe4 25. Ke2 exf3+ 26. Kd2 f2 27. cxb7
Rab8 28. Rhf1 Rxb7 29. Ke2 Rxb2+ 30. Kd1 Qc2# 0-1

[Event "ch-FRA Blitz Online Qual"]
[Site "Europe-Chess INT"]
[Date "2020.05.16"]
[Round "1"]
[White "Zienkiewicz, Alexandre"]
[Black "Courcelle, Victor"]
[Result "1-0"]
[WhiteElo "2049"]
[BlackElo "1314"]
[WhiteFideId "20610327"]
[BlackFideId "45177392"]
[EventDate "2020.05.16"]

1. e4 c5 2. Nf3 Nc6 3. Bc4 Nf6 4. Nc3 e6 5. Qe2 Be7 6. a3 O-O 7. d3 d5 8. Ba2
dxe4 9. Nxe4 b6 10. O-O Bb7 11. Bf4 Nd4 12. Nxd4 Qxd4 13. c3 Qa4 14. Rfe1 Nxe4
15. dxe4 Qd7 16. Rad1 Qc8 17. Qg4 Kh8 18. Rd3 f6 19. Bxe6 Qc6 20. Rh3 g6 21.
Qxg6 h5 22. Rxh5# 1-0

[Event "ch-FRA Blitz Online Qual"]
[Site "Europe-Chess INT"]
[Date "2020.05.16"]
[Round "1"]
[White "Thibous, Mathis"]
[Black "Labrande, Theodore"]
[Result "0-1"]
[WhiteElo "1313"]
[BlackElo "2077"]
[WhiteFideId "45163014"]
[BlackFideId "36045780"]
[EventDate "2020.05.16"]

1. c4 e5 2. Nc3 Nc6 3. g3 g6 4. Bg2 Bg7 5. e3 Nge7 6. Nge2 d6 7. O-O O-O 8. d4
exd4 9. exd4 Bf5 10. a3 Qd7 11. Be3 Bh3 12. Nf4 Bxg2 13. Kxg2 Nf5 14. Nce2 Rfe8
15. Qd2 Re4 16. d5 Ne5 17. Rac1 Nxc4 18. Qd3 Ncxe3+ 19. fxe3 Nxe3+ 20. Kf2 Re7
21. Rfd1 Nxd1+ 22. Rxd1 Rae8 23. Qb3 Qf5 24. Qxb7 Rxe2+ 25. Kg1 Rxb2 26. Qxc7
Qe4 27. Qxd6 Qe1+ 0-1

[Event "ch-FRA Blitz Online Qual"]
[Site "Europe-Chess INT"]
[Date "2020.05.16"]
[Round "1"]
[White "Maccagnan, Tomas"]
[Black "Joly, Charlotte"]
[Result "1/2-1/2"]
[WhiteElo "1968"]
[BlackElo "1454"]
[WhiteFideId "26091763"]
[BlackFideId "36022292"]
[EventDate "2020.05.16"]

1. e4 d5 2. exd5 Qxd5 3. Nc3 Qa5 4. d4 c6 5. Bd2 Qc7 6. Nf3 Nf6 7. Bd3 Bg4 8. h3
Bxf3 9. Qxf3 e6 10. Bf4 Bd6 11. Bxd6 Qxd6 12. O-O-O Nbd7 13. g4 O-O-O 14. g5 Nd5
15. Nxd5 Qxd5 16. Kb1 Qxf3 17. Rde1 Nb6 18. b3 Rxd4 19. Kb2 Rhd8 20. a4 Qxf2 21.
Rhf1 Qh2 22. Kc3 Qxh3 23. Rxf7 g6 24. a5 Na8 25. a6 bxa6 26. Rxe6 Qxe6 27. Bxa6+
Kb8 28. Rb7+ Kc8 29. Rxh7+ Kb8 30. Rb7+ Kc8 31. Rxa7+ Kb8 32. Rb7+ Kc8 33. Re7+
Kb8 34. Rb7+ Kc8 35. Ra7+ Kb8 36. Rb7+ 1/2-1/2

[Event "ch-FRA Blitz Online Qual"]
[Site "Europe-Chess INT"]
[Date "2020.05.16"]
[Round "1"]
[White "Serieys, Philippe"]
[Black "Grosse, Ludovic"]
[Result "0-1"]
[WhiteElo "1210"]
[BlackElo "1958"]
[WhiteFideId "36092576"]
[BlackFideId "26045842"]
[EventDate "2020.05.16"]

1. e4 c5 2. Nf3 d6 3. c3 Nf6 4. d3 Nc6 5. c4 g6 6. Be2 Bg7 7. O-O O-O 8. Nbd2 a6
9. Rb1 Rb8 10. b3 b5 11. cxb5 axb5 12. Bb2 Ra8 13. a3 Be6 14. Ne1 Qb6 15. Kh1
Nd4 16. Bxd4 cxd4 17. f4 Rfc8 18. Ra1 Rc3 19. f5 Bd7 20. fxg6 hxg6 21. Nef3 Ng4
22. h3 Ne3 23. Qe1 Nc2 24. Qf2 Nxa1 25. Rxa1 Bf6 26. Ra2 Rac8 27. Kh2 Rc2 28.
Rxc2 Rxc2 29. g4 Qc5 30. b4 Qc3 31. Nf1 Qb2 32. Ng3 Be5 33. h4 Rxe2 34. Qxe2
Qxe2+ 35. Kh3 Qxf3 0-1